Central Library OPAC University of Rajshahi

স্মর-গরল / (Record no. 56117)

MARC details
000 -LEADER
fixed length control field 00787nam a2200229 a 4500
001 - CONTROL NUMBER
control field 56117
003 - CONTROL NUMBER IDENTIFIER
rucl marc code BD-RjUL
005 - DATE AND TIME OF LATEST TRANSACTION
control field 20211209080344.0
008 - FIXED-LENGTH DATA ELEMENTS--GENERAL INFORMATION
fixed length control field 161126s1947 ii ||||| |||| 00| 0 ben d
035 ## - SYSTEM CONTROL NUMBER
System control number (BD-RjUL)56241
040 ## - CATALOGING SOURCE
Original cataloging agency BD-RjUL
Language of cataloging ben
Transcribing agency BD-RjUL
041 ## - LANGUAGE CODE
Language code of text/sound track or separate title ben
082 ## - DEWEY DECIMAL CLASSIFICATION NUMBER
Edition number 23
Classification number 891.441
Author mark and year MAS 1947
100 ## - MAIN ENTRY--PERSONAL NAME
Personal name মজুমদার, মোহিতলাল
9 (RLIN) 167062
245 10 - TITLE STATEMENT
Title স্মর-গরল /
Statement of responsibility, etc. মোহিতলাল মজুমদার
250 ## - EDITION STATEMENT
Edition statement ২য় সং .
260 ## - PUBLICATION, DISTRIBUTION, ETC. (IMPRINT)
Place of publication, distribution, etc. কলিকাতা :
Name of publisher, distributor, etc. বঙ্গভারতী,
Date of publication, distribution, etc. ১৯৫৭ [১৩৫৪]
300 ## - PHYSICAL DESCRIPTION
Pagination ১৩১ পৃ. ;
Size ২৪ সেমি.
650 ## - SUBJECT ADDED ENTRY--TOPICAL TERM
Topical term or geographic name as entry element বাংলা কবিতা
9 (RLIN) 167063
Topical term or geographic name as entry element Bengali Poetry
9 (RLIN) 167064
942 ## - ADDED ENTRY ELEMENTS (KOHA)
Source of classification or shelving scheme Dewey Decimal Classification
Koha item type Books
Holdings
Lost status Source of classification or shelving scheme Damaged status Not for loan Collection code Permanent Location Current Location Shelving location Date acquired Source of acquisition Cost, normal purchase price Total Checkouts Full call number Date last seen Copy number Koha item type
  Dewey Decimal Classification     Non-fiction Central Library, University of Rajshahi Central Library, University of Rajshahi   26/11/1955 Paragon Enterprises Dhaka 6.12   B 891.441 MAS 1947 26/11/2016 C-2 Books